000 01150nam a22003137a 4500
001 0032836
003 KOHA_MİRAKIL
005 20260207002840.0
007 ta
008 180208b2011 tu |||gr||||#||||0|tur |
020 _a9789756760451
040 _aTR-BiSEU
_btur
_cTR-BiSEU
_erda
041 0 _atur
044 _ctu
050 _aJC571
_b.I57 2011
245 0 _a21.yüzyılın başında insan haklarını korumada karşılaşılan sorunlar/
_cyayıma hazırlayan İoanna Kuçuradi.
264 1 _aİstanbul :
_bMaltepe Üniversitesi
_c2011
300 _a183 s. ;
_c21 cm.
336 _ametin
_btxt
_2rdacontent
337 _aaracısız
_bn
_2rdamedia
338 _acilt
_bnc
_2rdacarrier
490 1 _aMaltepe Üniversitesiİnsan Hakları Araştırma ve Uygulama Merkezi ve UNESCO Felsefe ve İnsan Kürsüsü Yayınları ;
_v3.
650 0 _aHuman rights.
_92926
650 0 _aCivil rights.
_99314
650 0 _aİnsan hakları.
_92925
650 0 _aMedeni haklar.
_99313
830 1 _aMaltepe Üniversitesiİnsan Hakları Araştırma ve Uygulama Merkezi ve UNESCO Felsefe ve İnsan Kürsüsü Yayınları ;
_v3.
_964146
942 _2lcc
_cBK
999 _c32981
_d32981